| 000 -LEADER |
| fixed length control field |
00508nam a22001577a 4500 |
| 001 - CONTROL NUMBER |
| control field |
3923256 |
| 005 - DATE AND TIME OF LATEST TRANSACTION |
| control field |
20161228052755.0 |
| 008 - FIXED-LENGTH DATA ELEMENTS--GENERAL INFORMATION |
| fixed length control field |
920609s1993 njua b 001 0 eng |
| 010 ## - LIBRARY OF CONGRESS CONTROL NUMBER |
| LC control number |
92022190 |
| 020 ## - INTERNATIONAL STANDARD BOOK NUMBER |
| International Standard Book Number |
0131913476 |
| 041 ## - LANGUAGE CODE |
| Language code of text/sound track or separate title |
eng |
| 080 ## - UNIVERSAL DECIMAL CLASSIFICATION NUMBER |
| Universal Decimal Classification number |
347.98 |
| 245 10 - TITLE STATEMENT |
| Title |
Criminal justice today : |
| Statement of responsibility, etc |
Frank Schmalleger. |
| 504 ## - BIBLIOGRAPHY, ETC. NOTE |
| Bibliography, etc |
Includes bibliographical references and indexes. |
| 942 ## - ADDED ENTRY ELEMENTS (KOHA) |
| Source of classification or shelving scheme |
|
| Item type |
Books |
| Classification part |
Juridik - Kriminalistikë |